000 00813nam a2200217 a 4500
001 20516
003 CO-ViMGA
008 141112s2004 ck r 000 u spa d
020 _a9701047109
040 _aCO-ViMGA
_bspa
_cCO-ViMGA
082 0 4 _a616.079 G653i
100 1 _aGoldsby, Richard A.; Kindt, Thomas J.; Osborne, Barbara A.
_929666
245 1 0 _aInmunología
250 _a5
260 _aMexico :
_bMcGraw Hill,
_c2004
300 _a665p
505 _aGeneración de respuestas de celulas B y celulas T 61 - - Mecanismos efectores inmunitarios 293 - - El sistema inmunitario enla salud y la enfermedad 411
590 _aForma de adquisición : Compra fact. 0540 - - Precio : 146000 - - Proveedor : Temas y libros - - Fecha de adquisición : Abril 2006
650 1 4 _aINMUNOLOGIA
942 _2ddc
_cBK
999 _c29510
_d29510